City Offices (Regent Street) Ltd v Europa Acceptance Group plc (Record no. 30089)

MARC details
000 -LEADER
fixed length control field 01010cab a2200181 4500
001 - CONTROL NUMBER
control field ABS44552
008 - FIXED-LENGTH DATA ELEMENTS--GENERAL INFORMATION
fixed length control field 090401t1991 xxu||||| |||| 00| 0 eng d
035 ## - SYSTEM CONTROL NUMBER
System control number (Sirsi) u47767
041 ## - LANGUAGE CODE
Language code of text/sound track or separate title eng
245 ## - TITLE STATEMENT
Title City Offices (Regent Street) Ltd v Europa Acceptance Group plc
260 ## - PUBLICATION, DISTRIBUTION, ETC.
Date of publication, distribution, etc. 1991
350 ## - PRICE (NR) (BK AM CF MU VM SE) [OBSOLETE]
Price 0
490 ## - SERIES STATEMENT
Series statement Rent Review & Lease Renewal
Volume/sequential designation 11(3) Spring 1991, 300-3-6(7)
520 ## - SUMMARY, ETC.
Summary, etc. CA 13 April 1989. In appealing, the tenants were challenging a break clause in the notice served on them by their landlords. Specifically, they disputed the applicability of the words "reconstruction of the demised premises" to their offices, where there was to be no alteration of the load-bearing structural walls. However, with precedents existing under the Landlord and Tenant Act 1954 s30(1) , the judge considered the proposed work sufficient to be considered " reconstruction ", and dismissed the appeal.
690 ## - LOCAL SUBJECT ADDED ENTRY--TOPICAL TERM (OCLC, RLIN)
Topical term or geographic name as entry element LANDLORD AND TENANT-CASE LAW-BUSINESS TENANCIES
942 ## - ADDED ENTRY ELEMENTS (KOHA)
Suppress in OPAC 0
948 ## - LOCAL PROCESSING INFORMATION (OCLC); SERIES PART DESIGNATOR (RLIN)
c (OCLC) 04/03/1997
Holdings
Withdrawn status Lost status Source of classification or shelving scheme Damaged status Not for loan Home library Current library Shelving location Date acquired Total Checkouts Full call number Barcode Date last seen Copy number Price effective from Koha item type
    Dewey Decimal Classification     London London Journal article 14/09/1999   ABS44552 47767-1001 06/08/2019 1 06/08/2019 Law report